000 00328nam a22001457a 4500
003 OSt
005 20160727222523.0
008 160709b xxu||||| |||| 00| 0 eng d
040 _cTEST
100 _92503
_a Kumar, K
245 _aLibrary Manual
260 _aN.D
_b Vikas
_c2005
300 _aLibrary Manual
942 _2ddc
_cBK
999 _c2170
_d2170